00704nam a2200241 a 4500001001300000003000900013005001700022008004100039020002300080082001700103100001900120245001000139260004400149300000900193500003500202505001000237650003100247700001900278902000800297942000700305952013300312999001700445nice12345678IN_TiNIC20260116014714.0121108s2006 lona grp 000 0 eng  a9780195676556c19500a922.97bMIR1 aMir, Mustansir aIqbal aLondan bOxford University Press c2006 a157p aincludes index and biblioraphy2 aIndex aIqbal Muhammad-Philosopher1 aMir, Mustansir bSRS cBK 001040708StackRoom-aHMIbHMId2012-11-08g195.00l6m5o922.97 MIR1p023898r2022-02-23s2020-01-17v195.00w2012-11-08yBK c16554d16554